Mini Dictionary / (Record no. 195534)

MARC details
000 -LEADER
fixed length control field 00601nam a22001937a 4500
005 - DATE AND TIME OF LATEST TRANSACTION
control field 20230403102533.0
010 ## - LCCN (DPL NO)
LC control number ENG-136590
020 ## - INTERNATIONAL STANDARD BOOK NUMBER
International Standard Book Number 9789381950494
Terms of availability 595.00
035 ## - SYSTEM CONTROL NUMBER
System control number EN-120122
037 ## - SOURCE OF ACQUISITION
Source of stock number/acquisition DBAD/PUB
082 ## - DEWEY DECIMAL CLASSIFICATION NUMBER
Classification number 503
100 ## - MAIN ENTRY--PERSONAL NAME
Personal name Tanwar, Shyam
245 ## - TITLE STATEMENT
Title Mini Dictionary /
Statement of responsibility, etc By Shyam Tanwar...[et.al]
250 ## - EDITION STATEMENT
Edition statement First
260 ## - PUBLICATION, DISTRIBUTION, ETC. (IMPRINT)
Place of publication, distribution, etc Jaipur
Name of publisher, distributor, etc Sankalp Prakashan
Date of publication, distribution, etc 2021
270 ## - ADDRESS
Address C-12, Ist FLoor, Opp. Khandelwal Girls College, S.C Road
City Jaipur
Postal code 302001
Electronic mail address publicationschemejpr@gmail.com
300 ## - PHYSICAL DESCRIPTION
Extent 201p.;
Dimensions 22cm(hbk)
Other physical details index
942 ## - ADDED ENTRY ELEMENTS (KOHA)
Source of classification or shelving scheme Dewey Decimal Classification
Item type English Books
Call number suffix SHY
Classification part 503
Holdings
Withdrawn status Lost status Not for loan Collection code Home library Current library Date acquired Source of acquisition Cost, normal purchase price Full call number Barcode Copy number Cost, replacement price Koha item type
      Non-fiction Shahdara Branch Shahdara Branch 03/04/2023 DBAD/PUB 595.00 503 SHY EN-120122 1 595.00 English Books

© Delhi Public Library
Hit Counter
free hit counter